| 000 | 00386nam a2200157Ia 4500 | ||
|---|---|---|---|
| 008 | 230917s9999||||xx |||||||||||||| ||und|| | ||
| 040 |
_e199457 _aMAIN |
||
| 041 | _aEnglish | ||
| 082 | _a658.8 B142R(2) | ||
| 100 | _aBadi, Ravindranath V | ||
| 245 | 0 | _aRural marketing | |
| 250 | _a2nd. ed. | ||
| 260 |
_aMumbai _bHimalaya Publishing House _c2011 |
||
| 300 | _a562 p. | ||
| 942 | _cBK | ||
| 999 |
_c165347 _d165347 |
||